000 00807nam a2200217 a 4500
001 000019967
005 20200929170217.0
008 100709s1992 ve r 000 p spa d
040 _aDO-SdBNP
_bspa
_cBNPHU
082 _aV861.44
_bL769e
100 1 _aLiscano, Juan
_99018
245 1 0 _aEnsayos a tres poetas :
_bPérez Só, Tortolero, Gramcko /
_cJuan Liscano , Orlando Barreto, Víctor Pereira.
260 _aValencia, España :
_bUniversidad de Carabobo :
_bConsejo Superior de Cultura :
_bDirección de Cultura,
_c1992.
300 _a96 p. ;.
504 _aIncluye referencias bibliográficas y notas al pie de las páginas.
650 4 _aPoesía venezolana
_94230
650 4 _aLiteratura venezolana
_93816
700 1 _aBarreto, Orlando
_942574
700 1 _aPereira, Víctor
_942575
049 _aBNGR
999 _c19480
_d19480